| 000 | 01247cam a22002651 4500 | ||
|---|---|---|---|
| 001 | rc 01000565 | ||
| 003 | DLC | ||
| 005 | 20260227111900.0 | ||
| 008 | 790806s1889 orucf 000 0ceng | ||
| 010 | _arc 01000565 | ||
| 035 | _a(OCoLC)5242376 | ||
| 040 |
_aDLC _cTxCM _dDLC |
||
| 042 | _apremarc | ||
| 050 | 0 | 0 |
_aF852 _b.H67 |
| 245 | 0 | 0 |
_aHistory of the Pacific Northwest: Oregon and Washington; _bembracing an account of the original discoveries on the Pacific coast of North America, and a description of the conquest, settlement and subjugation of the original territory of Oregon; also interesting biographies of the earliest settlers and more prominent men and women of the Pacific Northwest, including a descripiton of the climate, soil, productions of Oregon and Washington. |
| 260 |
_aPortland, Or., _bNorth Pacific history company, _c1889. |
||
| 300 |
_a2 v. _bplates (part fold.) ports. |
||
| 500 | _aBy Elwood Evans and other writers. | ||
| 651 | 0 |
_aNorthwest, Pacific _xHistory. |
|
| 651 | 0 |
_aNorthwest, Pacific _xDescription and travel. |
|
| 651 | 0 |
_aNorthwest, Pacific _vBiography. |
|
| 651 | 0 |
_aOregon _xHistory. |
|
| 710 | 2 |
_aNorth Pacific History Company of Portland, Or., _ecomp. |
|
| 700 | 1 |
_aEvans, Elwood, _d1828-1898. |
|
| 999 |
_c51843 _d51843 |
||